书目信息 |
| 题名: |
高晓声的陈家村世界
|
|
| 作者: | 张春红 著 | |
| 分册: | ||
| 出版信息: | 长春 吉林大学出版社 2019.02 |
|
| 页数: | 260页 | |
| 开本: | 24cm | |
| 丛书名: | ||
| 单 册: | ||
| 中图分类: | I206.7 | |
| 科图分类: | ||
| 主题词: | 文学研究--wen xue yan jiu--中国--现代 | |
| 电子资源: | ||
| ISBN: | 978-7-5692-3818-1 | |
| 000 | 00946nam0 2200253 450 | |
| 001 | 202019137953 | |
| 005 | 20191026133321.0 | |
| 010 | @a978-7-5692-3818-1@dCNY68.00 | |
| 100 | @a20191023d2019 em y0chiy50 ea | |
| 101 | 0 | @achi |
| 102 | @aCN@b220000 | |
| 105 | @ay a 000yy | |
| 106 | @ar | |
| 200 | 1 | @a高晓声的陈家村世界@Agao xiao sheng de chen jia cun shi jie@f张春红著 |
| 210 | @a长春@c吉林大学出版社@d2019.02 | |
| 215 | @a260页@d24cm | |
| 320 | @a有书目 | |
| 330 | @a本书通过细读文本, 分别从风物篇、风景篇、风俗篇、人物篇、故事篇等5个层面, 阐释高晓声是如何借助一例故事、一群人物牵引读者去品味生活, 揣摩人生 ; 又是如何透过一些风物、一片风景、一方习俗来引领读者咀嚼历史, 思考文化。 | |
| 600 | 0 | @a高晓声,@Agao xiao sheng@f1928-1999@x文学研究 |
| 606 | 0 | @a文学研究@Awen xue yan jiu@y中国@z现代 |
| 690 | @aI206.7@v5 | |
| 701 | 0 | @a张春红@Azhang chun hong@4著 |
| 801 | 0 | @aCN@c20190905 |
| 905 | @a河南城建学院图书馆@dI206.7@eZ082 | |
| 高晓声的陈家村世界/张春红著.-长春:吉林大学出版社,2019.02 |
| 260页;24cm |
| ISBN 978-7-5692-3818-1:CNY68.00 |
| 本书通过细读文本, 分别从风物篇、风景篇、风俗篇、人物篇、故事篇等5个层面, 阐释高晓声是如何借助一例故事、一群人物牵引读者去品味生活, 揣摩人生 ; 又是如何透过一些风物、一片风景、一方习俗来引领读者咀嚼历史, 思考文化。 |
| ● |
| 相关链接 |
|
|
|
正题名:高晓声的陈家村世界
索取号:I206.7/Z082
 
预约/预借
| 序号 | 登录号 | 条形码 | 馆藏地/架位号 | 状态 | 备注 |
| 1 | 1447026 | 214470268 | 文学库108/108文学库 6排7列5层/ [索取号:I206.7/Z082] | 在馆 | |
| 2 | 1447027 | 214470277 | 文学库108/108文学库 6排7列5层/ [索取号:I206.7/Z082] | 在馆 |